000 00693nam a22002177a 4500
003 UA-OsUOA
001 115459
007 ta
008 20151223b un ||||| |||| 00| 0 ukr d
100 _aПавлик В.П.
090 _a330(477)
_bП12
942 _cSA
040 _aUA-OsUOA
_bukr
_cUA-OsUOA
_dUA-OsUOA
245 _aОцінка економічних критеріїв ефективного управління сільськогосподарським підпиємством
300 _aС.72-77
955 _a0
041 _aukr
080 _a330(477)
773 0 _w115457
_tЕкономіка АПК
_dК.
_d2015
_g12
650 7 _a330 Економіка взагалі
_2UDC
999 _c401987
_d401987